000 00638nam a2200217Ii 4500
003 JO-AjNU
008 230605s9999||||xx |||||||||||||| ||und||
017 _a2014/12/5996
020 _a978-9957-94-173-4
040 _aJO-AjNU
_bara
_erda
_cJO-AjNU
041 _aara
050 1 4 _aPJ7852.U24.J35 2015
100 3 _aالنوباني، علي طه ,
_eauthor
_961086
245 0 0 _aملح انجليزي
264 3 1 _aعمان: وزارة الثقافه، 2015
300 _a80ص
336 _atext
_btxt
_2rdacontent
337 _aunmediated
_bn
_2rdamedia
338 _avolume
_bnc
_2rdacarrier
650 4 _aقصص عربيه
_961087
999 _aA27590
_c31158
_d31158